LIBRARY & INFORMATION CENTRE, KCAET, TAVANUR

ONLINE PUBLIC ACCESS CATALOGUE (OPAC)

Lubrication: Its principles and practice / (Record no. 8764)

MARC details
000 -LEADER
fixed length control field 00377cam a2200145ua 4500
041 ## - LANGUAGE CODE
Language code of text/sound track or separate title eng
082 ## - DEWEY DECIMAL CLASSIFICATION NUMBER
Classification number 621.89
Item number MIC/LU
100 ## - MAIN ENTRY--AUTHOR NAME
Personal name Michell, A.G.M .
245 ## - TITLE STATEMENT
Title Lubrication: Its principles and practice /
260 ## - PUBLICATION, DISTRIBUTION, ETC. (IMPRINT)
Place of publication London :
Name of publisher Blackie & Son Ltd ,
Year of publication 1950.
300 ## - PHYSICAL DESCRIPTION
Number of Pages 317 ; .
942 ## - ADDED ENTRY ELEMENTS (KOHA)
Koha item type Books
Holdings
Withdrawn status Lost status Damaged status Home library Current library Date acquired Full call number Accession Number Koha item type
      KAUAET KAUAET 07/04/2012 621.89 3506 Books
free website counter